|
|
|
|
| LEADER |
01459nam a2200397 a 4500 |
| 001 |
28215 |
| 003 |
BD-DhAAL |
| 005 |
20150128111214.0 |
| 008 |
141203s2009 enk b 000 0 eng d |
| 010 |
|
|
|a 2009464439
|
| 015 |
|
|
|a GBA879182
|2 bnb
|
| 016 |
7 |
|
|a 014648228
|2 Uk
|
| 020 |
|
|
|a 9780230576469 (acidfree paper)
|
| 020 |
|
|
|a 023057646X
|
| 020 |
|
|
|a 9781403992468 (pbk. : acidfree paper)
|
| 020 |
|
|
|a 1403992460 (pbk.)
|
| 035 |
|
|
|a (OCoLC)ocn148906824
|
| 040 |
|
|
|a UKM
|c UKM
|d BTCTA
|d BAKER
|d YDXCP
|d BWKUK
|d BWK
|d CDX
|d DLC
|d BD-DhAAL
|
| 042 |
|
|
|a lccopycat
|
| 050 |
0 |
0 |
|a PN1995.9.W6
|b M84 2009
|
| 082 |
0 |
4 |
|a 791.436522
|2 22
|
| 100 |
1 |
|
|a Mulvey, Laura.
|9 6469
|
| 245 |
1 |
0 |
|a Visual and other pleasures /
|c Laura Mulvey.
|
| 250 |
|
|
|a 2nd ed.
|
| 260 |
|
|
|a Houndmills, Basingstoke, Hampshire [England] ;
|a New York :
|b Palgrave Macmillan,
|c 2009.
|
| 300 |
|
|
|a xxxvi, 232 p. ;
|c 22 cm.
|
| 490 |
|
0 |
|a Language, discourse, society
|
| 500 |
|
|
|a Previous ed.: Basingstoke : Macmillan, 1989.
|
| 504 |
|
|
|a Includes bibliographical references.
|
| 541 |
|
|
|e 28215
|
| 650 |
|
0 |
|a Women in motion pictures.
|9 6470
|
| 650 |
|
0 |
|a Motion pictures and women.
|9 6471
|
| 650 |
|
0 |
|a Feminism and motion pictures.
|9 6472
|
| 942 |
|
|
|2 ddc
|c BK
|
| 999 |
|
|
|c 33197
|d 33197
|
| 952 |
|
|
|0 0
|1 0
|2 ddc
|4 0
|6 791_436522000000000_MUL
|7 0
|9 44312
|a BRACUL
|b BRACUL
|c GEN
|d 2014-12-03
|e Karim International
|g 2770.00
|l 3
|m 6
|o 791.436522 MUL
|p 3010028215
|r 2025-11-16
|s 2025-11-06
|t 1
|w 2014-12-03
|y BK
|